| 000 | 00469nam a2200205Ia 4500 | ||
|---|---|---|---|
| 003 | 0100 | ||
| 008 | 130303s9999 xx 000 0 und d | ||
| 040 | _cARRUPELIB | ||
| 050 | _aB3317.D3 1965 | ||
| 100 | _aDanto, Arthur C | ||
| 245 | _aNietzsche as philosopher | ||
| 260 | _aNew York | ||
| 260 | _bThe Macmillan Company | ||
| 260 | _C1965 | ||
| 300 | _a250p. | ||
| 300 | _b 21cm. | ||
| 650 | _aPHILOSOPHY | ||
| 650 | _bAnalytical Psychology | ||
| 942 | 0 | 0 | _07 |
| 999 |
_c40032 _d40032 |
||